000 nam a22 7a 4500
999 _c38246
_d38246
005 20170517112130.0
008 170517b xxu||||| |||| 00| 0 eng d
040 _aANE
041 _aEs
082 _aRAD-1310
100 _aGarcia, Cynthia
_eperiodista argentina del periódico Página 12
245 _aCynthia García: El foro de libertad de expresión analizará lo ocurrido en las elecciones ecuatorianas
260 _aQuito
_bRadio Pichincha Universal
_c2017-05-16
300 _ap.
520 _aA las 17:00 de este martes 16 de mayo se realizará el “foro libertad de expresión en un contexto político”, en Ciespal ubicada al norte de Quito. Una de las expositoras será Cynthia García periodista argentina del periódico Página 12. García realizó una investigación importante sobre las empresas offshore del excandidato Guillermo Lasso y en ese sentido lamentó que por decisión política los medios de comunicación privados del Ecuador decidieron no sacar dicha información argumentando una supuesta falta de contrastación de la noticia. “Pero la investigación está ahí y a mí nunca me llamaron a pedir una explicación del tema”, remarcó la periodista argentina quien lamentó que los medios simplemente la descalificaron por ser kichnerista, cuando todas las personas tienen su posición política sin que ello signifique que tienen que callar la verdad.
650 _acasos irregularidades/Cynthia García/periodista argentina periódico Página 12/Radio Pichincha Universal/marte 16 mayo/foro/investigación empresas offshore/excandidato Guillermo Lasso/medios comunicación privados Ecuador/prohíbición noticia no constratada/posición política/
942 _2ddc
_cVM
_zIES.